| 000 | 00537cam a2200205ua 4500 | ||
|---|---|---|---|
| 001 | 2895 | ||
| 005 | 20260515113611.0 | ||
| 008 | 110915n ii |||gr||||Z||||||asm | ||
| 040 | _cMAIN | ||
| 082 | _a920 | ||
| 100 | 1 | _aBezbaroa, Lakshminath , | |
| 245 | 1 | 1 |
_aAsamiya bhasa aru sahitya _cby Lakshminath Bezbaroa |
| 250 | _a1st. | ||
| 260 |
_aGuahati: _bNew book stall,968. |
||
| 300 |
_a361p: _c23p. |
||
| 653 | _aAssamese language | ||
| 653 | _aAsamiya bhasa aru sahitya | ||
| 700 | 1 |
_aHazarika, Atulchandra, _eEditor., |
|
| 942 | _cBK | ||
| 999 |
_c2741 _d2741 |
||